| 000 | 00491cam a22001814a 4500 | ||
|---|---|---|---|
| 020 | _a9780830839636 (pbk. : alk. paper) | ||
| 041 | _aENG | ||
| 082 | 0 | 0 |
_a220.601 _bBLO |
| 245 | 0 | 0 | _aBiblical hermeneutics :Five Views |
| 260 |
_aDowners Grove, Ill. : _bIVP Academic, _cc2012. |
||
| 300 | _a224 p. ; | ||
| 490 | 0 | _aSpectrum multiview book | |
| 650 | _aBiblE hermeneutics | ||
| 700 | 1 | _aPorter, Stanley E., | |
| 700 | 1 | _aStovell, Beth M., | |
| 700 | 1 | _aBlomberg, Craig L., | |
| 942 | _cBK | ||
| 999 |
_c22543 _d22543 |
||